| 000 | 00712nam a22002292 4500 | ||
|---|---|---|---|
| 001 | 0000020608 | ||
| 005 | 20151217145925.0 | ||
| 008 | 110927s xx 000 0 eng d | ||
| 020 | _a0415465786 : | ||
| 040 |
_aKABU _cKABU |
||
| 100 | 1 |
_aMarsh, Colin J. _@0000136875 |
|
| 245 | 1 | 0 |
_aKey concepts for understanding curriculum / _cColin J. Marsh. |
| 250 | _a4th ed. | ||
| 260 |
_aLondon : _bRoutledge, _c2009. |
||
| 300 | _axvii, 349 p. | ||
| 650 | 0 |
_aEducation _xCurricula. _@0000180983 |
|
| 650 | 0 |
_aCurriculum planning. _@0000153667 |
|
| 650 | 0 |
_aEducational tests and measurements. _@0000153581 |
|
| 852 | 1 | _9p2788.45 KES | |
| 908 | _a110927 | ||
| 950 | _@1 | ||
| 999 |
_c4148 _d4148 |
||